00420nam a2200145 4500001000700000003000900007007000300016008004100019100001800060245008200078260004000160300002200200700002100222852003100243109090ES-MaACLt|061121s1963 xxu r ||||1| eng d1 aOliver, Paul.14aThe meaning of the blues / cPaul Oliver ; with a foveword by Richard Wright. aNew York : bCollier Books, c1963. a383 p. ; c28 cm.1 aWright, Richard. aES-MaACLjB-8536 bR.66071